000 00364nam a2200145Ia 4500
008 240624s9999 xx 000 0 und d
041 _aeng
082 _a658.404 COO
100 _aCOOKE HELEN S
245 _aPROJECT MANAGEMENT
250 _a(2nd ed.)
260 _c2011
_aNew Delhi
_bTata McGraw-Hill
300 _aviii, : 391 : p. : cm. ; 26
365 _cRS
_b33
999 _c25665
_d25665